书目信息 |
| 题名: |
为了中华民族的复兴,为了每位学生的发展
|
|
| 作者: | 钟启泉 , 崔允漷 , 张华 主编 | |
| 分册: | ||
| 出版信息: | 上海 华东师范大学出版社 2001.08 |
|
| 页数: | 436页 | |
| 开本: | 16开 | |
| 丛书名: | ||
| 单 册: | ||
| 中图分类: | G423.07 | |
| 科图分类: | ||
| 主题词: | 基础教育--课程--教学改革--文件--中国--学习参考资料 | |
| 电子资源: | ||
| ISBN: | 7-5617-2703-8 | |
| 000 | 00968nam0 2200229 45 | |
| 001 | 0210220861 | |
| 005 | 20031219104058.8 | |
| 010 | @a7-5617-2703-8@dCNY26.00 | |
| 100 | @a20021022d2001 km y0chiy0120 ea | |
| 101 | 0 | @achi |
| 105 | @a z 000yy | |
| 200 | 1 | @a为了中华民族的复兴,为了每位学生的发展@AWei Le Zhong Hua Min Zu De Fu Xing,Wei Le Mei Wei Xue Sheng De Fa Zhan@e《基础教育课程改革纲要(试行)》解读@E《Ji Chu Jiao Yu Ke Cheng Gai Ge Gang Yao(Shi Xing)》Jie Du@f钟启泉,崔允漷,张华主编@FZhong Qi Quan,Cui Yun Kuo,Zhang Hua Zhu Bian |
| 210 | @a上海@c华东师范大学出版社@d2001.08 | |
| 215 | @a436页@d16开 | |
| 517 | @a《基础教育课程改革纲要(试行)》解读@A《Ji Chu Jiao Yu Ke Cheng Gai GeGang Yao(Shi Xing)》Jie Du | |
| 606 | 0 | @a基础教育@x课程@x教学改革@x文件@y中国@x学习参考资料 |
| 690 | @aG423.07@v4 | |
| 701 | @a钟启泉@4主编 | |
| 701 | 0 | @a崔允漷@4主编 |
| 701 | 0 | @a张华@4主编 |
| 801 | @aCN@bTSTC@c20021022 | |
| 905 | @b315873-875@dG423.07@e78@f3 | |
| 为了中华民族的复兴,为了每位学生的发展:《基础教育课程改革纲要(试行)》解读/钟启泉,崔允漷,张华主编.-上海:华东师范大学出版社,2001.08 |
| 436页;16开 |
| ISBN 7-5617-2703-8:CNY26.00 |
| ● |
| 相关链接 |
|
|
|
|
正题名:为了中华民族的复兴,为了每位学生的发展
索取号:G423.07/78
 
预约/预借
| 序号 | 登录号 | 条形码 | 馆藏地/架位号 | 状态 | 备注 |
| 1 | 0315873 | 203158732 | 第四借阅区/ [索取号:G423.07/78] | 在馆 | |
| 2 | 0315874 | 203158741 | 第四借阅区/ [索取号:G423.07/78] | 在馆 | |
| 3 | 0315875 | 203158750 | 第一样本阅览室/ [索取号:G423.07/78] | 在馆 |